000 00481nam a2200169 4500
001 109556
003 ES-MaACL
007 t|
008 061121s1984 xxk r ||||1| eng d
020 _a0-566-03477-8
100 1 _aOllé, James G.
_986899
245 1 0 _aA guide to sources of information in libraries /
_cJames G. Ollé.
260 _aAldeshot Hants [etc.] :
_bGower,
_ccop. 1984.
300 _a178 p. ;
_c23 cm.
500 _aIndice.
852 _aES-MaACL
_jL-8166
_bR.108722
999 _c109556
_d109556